Selfish Torto

Bibliographic Details
Main Author: Ram Kumari
Format: Book
Published: Selangor : Ilmiah Publishers , 2004
Series:Moral values stories for juniors
Subjects:

MARC

LEADER 00000cam a2200000 7i4500
001 0000004615
005 20220105104003.0
008 070730
020 |a 9832571723(set) 
020 |a 9832571782 
090 0 0 |a JP   |b MOR ENG (3958) 
100 0 |a Ram Kumari 
245 1 0 |a Selfish Torto   |c Ram Kumari 
260 |a Selangor :   |b Ilmiah Publishers ,   |c 2004 
440 |a Moral values stories for juniors 
500 |a Children age 4-6 years old (yellow) 
650 0 |a Junior preschool   |x English   |x Languages 
650 0 |a Moral 
999 |a 0000977338   |b Book   |c Children Collection   |e Cawangan Batu Pahat 
999 |a 0000977339   |b Book   |c Children Collection   |e Cawangan Bandar Penawar 
999 |a 0000977340   |b Book   |c Children Collection   |e Perbadanan Perpustakaan Awam Johor 
999 |a 0000979298   |b Book   |c Children Collection   |e Cawangan Batu Pahat 
999 |a 0000979299   |b Book   |c Children Collection   |e Perbadanan Perpustakaan Awam Johor 
999 |a 0000979300   |b Book   |c Children Collection   |e Cawangan Taman Universiti 
999 |a 0000979301   |b Book   |c Children Collection   |e Cawangan Taman Universiti